000
00302nam a22001337a 4500
008
171107b xxu||||| |||| 00| 0 eng d
020
_a
9780471661788
041
_a
eng
080
_2
3 ED
_a
330.722.6
100
_a
62
101
_a
KON
245
_a
MANAGERIAL ACCOUTING
_c
KIMMEL.W
942
_2
udc
_c
BK
999
_c
38166
_d
38166